| 000 | 00486nam a2200205Ia 4500 | ||
|---|---|---|---|
| 008 | 170918s9999 xx 000 0 und d | ||
| 020 | _a9780439757126 | ||
| 050 | _bC261 2006 | ||
| 100 | _aCarangelo, Audrey | ||
| 245 | _aHow unusual! / | ||
| 245 | _cAudrey Carangelo. | ||
| 260 | _aNew York : | ||
| 260 | _bScholastic, | ||
| 260 | _c2006 | ||
| 300 | _a16 pages : | ||
| 300 | _bcolored illustration ; | ||
| 300 | _c23cm. | ||
| 440 | _aScholastic FX books. | ||
| 500 | _a260 | ||
| 999 |
_c341386 _d341386 |
||